000 00368nam a2200157Ia 4500
008 230711s9999||||xx |||||||||||||| ||und||
041 _aENG
082 _a5
_bHO-C
100 _aHolzner,Steven
245 0 _aC++ programming black book
250 _a1st Ed.
260 _c2007
_aNew Delhi
_bDream Tech
300 _a799
650 _aComputer Engineering
942 _cBK
999 _c4846
_d4846